Schaum's Outline of Theory and Problems of Feedback and Control Systems / Continuous (Analog) and Discrete (Digital): Second Edition (Record no. 2949)
[ view plain ]
| 000 -LEADER | |
|---|---|
| fixed length control field | 01500cam a22002294a 4500 |
| 005 - ΗΜΕΡΟΜΗΝΙΑ ΚΑΙ ΩΡΑ ΤΕΛΕΥΤΑΙΑΣ ΕΝΗΜΕΡΩΣΗΣ | |
| Πεδίο ελέγχου | 20250605164058.0 |
| 008 - FIXED-LENGTH DATA ELEMENTS--GENERAL INFORMATION | |
| Πεδίο ελέγχου σταθερού μήκους | 250528s ||||||||||||||||||||||||d |
| 035 ## - SYSTEM CONTROL NUMBER | |
| System control number | 17542 |
| 020 ## - ISBN | |
| ISBN | 70170479 |
| 040 ## - ΠΗΓΗ ΚΑΤΑΛΟΓΟΓΡΑΦΗΣΗΣ | |
| Φορέας πρωτότυπης καταλογογράφησης | MC Athens Campus Library |
| Γλώσσα καταλογογράφησης | Ελληνικά, Μοντέρνα (1453-) |
| Modifying agency | MC Athens Campus Library |
| Κανόνες περιγραφικής καταλογογράφησης | AACR2 |
| 245 1# - ΤΙΤΛΟΣ ΚΑΙ ΔΗΛΩΣΗ ΥΠΕΥΘΥΝΟΤΗΤΑΣ | |
| Τίτλος | Schaum's Outline of Theory and Problems of Feedback and Control Systems / Continuous (Analog) and Discrete (Digital): Second Edition |
| 250 ## - EDITION STATEMENT | |
| Edition statement | 2nd |
| 260 ## - PUBLICATION, DISTRIBUTION, ETC. | |
| Name of publisher, distributor, etc. | Mcgraw Hill, Inc, |
| Date of publication, distribution, etc. | 1990 |
| 300 ## - PHYSICAL DESCRIPTION | |
| Extent | 502 |
| 520 ## - SUMMARY, ETC. | |
| Summary, etc. | Each outline series includes basic theory, definitions, and hundreds of carefully solved problems and supplementary problems. Introduction, Control System Terminology, Differential Equations and Difference Equations and Linear Systems, The Laplace Transform and the z-Transform, Stability, Transfer Functions, Block Diagram Algebra and Transfer Functions of Systems, Signal Flow Graphs, System Sensitivity Measures and Classification of Feedback Systems, Analysis and Design of Feedback Control Systems: Objectives and Methods, Nyquist Analysis, Nyquist Design, Root-Locus Analysis, Root-Locus Design, Bode Analysis, Bode Design, Nichols Chart Analysis, Nichols Chart Design, Introduction to Nonlinear Control Systems, Introduction to Advanced Topics in Control Systems Analysis and Design, Appendixes, References and Bibliography, Index. |
| 700 1# - ΠΡΟΣΘΕΤΗ ΑΝΑΓΡΑΦΗ--ΦΥΣΙΚΟ ΠΡΟΣΩΠΟ | |
| Personal name | Distefano Joseph J |
| 9 (RLIN) | 3688 |
| 700 1# - ΠΡΟΣΘΕΤΗ ΑΝΑΓΡΑΦΗ--ΦΥΣΙΚΟ ΠΡΟΣΩΠΟ | |
| Personal name | Stubberud Allen R |
| 9 (RLIN) | 3689 |
| 700 1# - ΠΡΟΣΘΕΤΗ ΑΝΑΓΡΑΦΗ--ΦΥΣΙΚΟ ΠΡΟΣΩΠΟ | |
| Personal name | Williams Ivan J |
| 9 (RLIN) | 3690 |
| 942 ## - ADDED ENTRY ELEMENTS (KOHA) | |
| Koha item type | Books |
| Τύπος τεκμηρίου | Βιβλιοθήκη | Τρέχουσα τοποθεσία | Barcode | Αριθμός εισαγωγής | Ημερομηνία απόκτησης | Ταξιθετικό σύμβολο | Αριθμός αντιτύπου | Κατάσταση απόσυρσης | Κατάσταση χαμένου | Κατάσταση κατεστραμμένου | Μη δανεισμός | Σύνολο δανεισμών | Ημερομηνία τελευταίας εμφάνισης | Η τιμή ισχύει από |
|---|---|---|---|---|---|---|---|---|---|---|---|---|---|---|
| Books | MC Athens Campus Library | MC Athens Campus Library | 9780000029485 | 6609 | 05/06/2025 | 629.8/3 DIS | 1 | 05/06/2025 | 05/06/2025 |